Vista normal
Vista MARC
- Gracia Fuster, Enrique
Entrada Personal Name
Número de registros utilizados en: 1
001 - CONTROL NUMBER
- control field: 23709
003 - CONTROL NUMBER IDENTIFIER
- control field: OSt
005 - DATE AND TIME OF LATEST TRANSACTION
- control field: 20160930093044.0
008 - FIXED-LENGTH DATA ELEMENTS
- fixed length control field: 160930|| aca||aabn | a|a d
040 ## - CATALOGING SOURCE
- Original cataloging agency: OSt
- Transcribing agency: OSt
100 ## - HEADING--PERSONAL NAME
- Personal name: Gracia Fuster, Enrique
670 ## - SOURCE DATA FOUND
- Source citation: Work cat.: (OSt)1204: Gracia Fuster, Enrique, Las víctimas invisibles de la violencia familiar